000 00207nam a22000857a 4500
008 170527b xxu||||| |||| 00| 0 eng d
100 _93161
_aCBSE
245 _aHindi Sample paper 9
260 _aNew delhi
_bGBP
_c2010
999 _c6460
_d6460